Por todos los medios : comunicación y género /

Conjunto de ensayos que sostienen la importancia de que las mujeres tengan voz en los medios masivos de comunicación, como un requisito fundamental para que el feminismo y las reivindicaciones de género permeen ampliamente a la sociedad.

محفوظ في:
التفاصيل البيبلوغرافية
المؤلف الرئيسي: Portugal, Ana María (ed.)
مؤلفون آخرون: Torres, Carmen (edición) (edición)
التنسيق: كتاب
اللغة:الإسبانية
منشور في: Santiago, Chile : Isis, 1996, c1996
سلاسل:(Ediciones de las Mujeres ; 23)
الموضوعات:
الوسوم: إضافة وسم
لا توجد وسوم, كن أول من يضع وسما على هذه التسجيلة!

MARC

LEADER 00000nam^a2200000^a^4500
001 000186924
005 20250521000000.0
009 20260310102243.877
022 |a 0716-8101 
037 |a Acervo ITESO - Biblioteca 
041 |a ESP 
082 |a 302. 23  |b POR 
100 |a Portugal, Ana María  |e (ed.) 
245 1 0 |a Por todos los medios :  |b comunicación y género /  |c Ed. de A.M. Portugal, C. Torres. 
264 4 |a Santiago, Chile :  |b Isis,  |c 1996, c1996 
300 |a 167 p. 
336 |a texto  |b txt  |2 rdacontenido 
337 |a sin mediación  |b n  |2 rdamedio 
338 |a volumen  |b nc  |2 rdasoporte 
440 1 |a (Ediciones de las Mujeres ;  |v 23) 
520 |a Conjunto de ensayos que sostienen la importancia de que las mujeres tengan voz en los medios masivos de comunicación, como un requisito fundamental para que el feminismo y las reivindicaciones de género permeen ampliamente a la sociedad. 
649 |a XX 
650 |a Mujeres -  |x Condiciones Sociales y Culturales 
650 |a Mujeres en los Medios de Comunicación -  |x Tema Principal 
650 |a Discriminación de Género 
650 |a Roles de Género 
650 |a Género 
650 |a Feminismo 
650 |a Derecho a la Información 
650 |a Medios de Comunicación 
650 |a Comunicación Masiva -  |x Tema Principal 
650 |a Sociología de la Cultura 
700 |a Torres, Carmen  |e (edición) 
910 |a Fondo General 
920 |a Impresos - Libros 
930 |a Colección General 
905 |a 101 
901 |a 0500128808  |b IT1  |c ACC  |u 20250521 
902 |a https://opac.biblio.iteso.mx/vufind/Record/000186924